000 00800nam a2200229 a 4500
001 48776
003 BD-RjUL
005 20211209054601.0
008 160816s1988 b ||||| |||| 00| 0 eng d
020 _c : Tk.45.00
035 _a(BD-RjUL)48895
040 _aBD-RjUL
_bben
_cBD-RjUL
041 _aben
082 _223
_a891.441
_bHAC 1988
100 1 _aহক, সায়েফ আবদুল
_9147112
245 1 0 _aচেনা অচেনার চোখের জলে /
_cসায়েফ আবদুল হক.
260 _aঢাকা :
_bআলেয়া হক,
_c১৯৮৮
300 _a১০২ পৃ ;
_c২২ সেমি
650 _aবাংলা সাহিত্য
_vকবিতা
_9118883
650 _aBangali Literature
_vPoetry
_9145103
942 _2ddc
_cBK
999 _c48776
_d48776